Statistics for How many electoral votes each US president received

Click here to take the quiz!

General Stats

  • This quiz has been taken 27 times
  • The average score is 29 of 59

Answer Stats

YearPresidentElectoral votes% Correct
2016Donald Trump304
100%
2020Joe Biden306
100%
2000George W. Bush271
86%
1896William McKinley271
86%
1900William McKinley292
71%
1968Richard Nixon301
71%
1948Harry S. Truman303
71%
1960John F. Kennedy303
71%
2012Barack Obama332
71%
1988George H.W. Bush426
71%
1972Richard Nixon520
71%
1984Ronald Reagan525
71%
1892Grover Cleveland277
57%
1916Woodrow Wilson277
57%
2004George W. Bush286
57%
1872Ulysses S. Grant286
57%
1976Jimmy Carter297
57%
2008Barack Obama365
57%
1992Bill Clinton370
57%
1996Bill Clinton379
57%
1920Warren G. Harding404
57%
1952Dwight D. Eisenhower442
57%
1928Herbert C. Hoover444
57%
1940Franklin D. Roosevelt449
57%
1956Dwight D. Eisenhower457
57%
1964Lyndon B. Johnson486
57%
1936Franklin D. Roosevelt523
57%
1864Abraham Lincoln212
43%
1904Theodore Roosevelt336
43%
1924Calvin Coolidge382
43%
1944Franklin D. Roosevelt432
43%
1912Woodrow Wilson435
43%
1980Ronald Reagan489
43%
1789George Washington69
43%
1796John Adams71
43%
1800Thomas Jefferson73
43%
1824John Quincy Adams99
43%
1808James Madison122
29%
1812James Madison128
29%
1792George Washington132
29%
1804Thomas Jefferson162
29%
1848Zachary Taylor163
29%
1836Martin Van Buren170
29%
1844James K. Polk170
29%
1856James Buchanan174
29%
1828Andrew Jackson178
29%
1860Abraham Lincoln180
29%
1816James Monroe183
29%
1876Rutherford B. Hayes185
29%
1868Ulysses S. Grant214
29%
1880James A. Garfield214
29%
1832Andrew Jackson219
29%
1884Grover Cleveland219
29%
1820James Monroe231
29%
1888Benjamin Harrison233
29%
1840William H. Harrison234
29%
1852Franklin Pierce254
29%
1908William H. Taft321
29%
1932Franklin D. Roosevelt472
29%

Score Distribution

Percentile by Number Answered

Percent of People with Each Score

Your Score History

You have not taken this quiz